Памятники природы Томской области

Bibliografiske detaljer
Corporate Authors: Томская область Администрация, Томская область Департамент природных ресурсов и охраны окружающей среды, Томская область Областной комитет охраны окружающей среды и природопользования (Облкомприрода)
Andre forfattere: Антошкина О. А. Ольга Александровна (составитель), Гынгазова А. А. Анна Александровна, Киселева О. Н. Ольга Николаевна
Summary:В брошюре представлены памятники природы, ставшие наиболее популярными и посещаемыми жителями Томской области. Они могут быть базой для развития экологического туризма. Для широкого круга читателей.
Sprog:russisk
Udgivet: Томск, Печатная мануфактура, 2008
Fag:
Format: Bog
KOHA link:https://koha.lib.tpu.ru/cgi-bin/koha/opac-detail.pl?biblionumber=248364

MARC

LEADER 00000nam0a2200000 4500
001 248364
005 20231101232359.0
010 |a 9785944761514 
035 |a (RuTPU)RU\TPU\book\270146 
090 |a 248364 
100 |a 20140122d2008 km y0rusy50 ca 
101 0 |a rus 
102 |a RU 
105 |a a z 000zy 
200 1 |a Памятники природы Томской области  |f Томская область, Администрация ; Томская область, Департамент природных ресурсов и охраны окружающей среды ; Томская область, Областной комитет охраны окружающей среды и природопользования (Облкомприрода) ; сост. О. А. Антошкина ; А. А. Гынгазова ; О. Н. Киселева 
210 |a Томск  |c Печатная мануфактура  |d 2008 
215 |a 16 с.  |c ил. 
330 |a В брошюре представлены памятники природы, ставшие наиболее популярными и посещаемыми жителями Томской области. Они могут быть базой для развития экологического туризма. Для широкого круга читателей. 
606 1 |a Томская область  |x География  |2 stltpush  |3 (RuTPU)RU\TPU\subj\69463  |9 84314 
610 1 |a природа 
610 1 |a Томская область 
610 1 |a экологический туризм 
610 1 |a геологические памятники 
610 1 |a водные памятники 
610 1 |a биологические памятники 
675 |a 91(571.16)  |v 3 
702 1 |a Антошкина  |b О. А.  |g Ольга Александровна  |4 220 
702 1 |a Гынгазова  |b А. А.  |g Анна Александровна  |4 220 
702 1 |a Киселева  |b О. Н.  |g Ольга Николаевна  |4 220 
712 0 1 |a Томская область  |b Администрация  |2 stltpush  |3 (RuTPU)RU\TPU\col\449  |9 23442 
712 0 1 |a Томская область  |b Департамент природных ресурсов и охраны окружающей среды  |2 stltpush  |3 (RuTPU)RU\TPU\col\9844  |9 24751 
712 0 1 |a Томская область  |b Областной комитет охраны окружающей среды и природопользования (Облкомприрода)  |2 stltpush  |3 (RuTPU)RU\TPU\col\3273 
801 1 |a RU  |b 63413507  |c 20140122 
801 2 |a RU  |b 63413507  |c 20140128  |g RCR 
942 |c BK